Glossary of Platform Law and Policy Terms

Detalles Bibliográficos
Autor principal: Curzio, Leonardo
Otros Autores: Belli, Luca, Zingales, Nicolo
Formato: eBook
Lenguaje:inglés
Publicado: Rio de Janeiro: FGV - Direito Rio, 2021
Materias:
Acceso en línea:Acceso restringido

MARC

LEADER 00000nam a22000007a 4500
005 20220504204612.0
007 cr|||| ||||
008 220504s2021 br |||||s|||| 00||0 eng d
020 |a 978-65-86060-31-7 
035 |a 36268 
040 |a vLex 
090 |c 13274  |d 13274 
100 1 |a Curzio, Leonardo 
245 1 0 |a Glossary of Platform Law and Policy Terms  |h [Recurso electrn̤ico] /  |c Leonardo Curzio, Luca Belli, Nicolo Zingales 
256 |a Servicio en ln̕ea 
260 |a Rio de Janeiro:  |b FGV - Direito Rio,  |c 2021 
300 |a 1 recurso electrn̤ico 
506 1 |a Disponible solo en los productos indicados  |d vLex Global  |d vLex Global (Academic Edition, excluding Law Schools)  |d vLex Global (U.S. Academic Edition, Law Schools)  |d vLex Global (U.S. Academic Edition, excluding Law Schools)  |d vLex Global (Academic Edition, Law Schools) 
650 0 4 |a Abogados  |z Brasil 
700 1 |a Belli, Luca 
700 1 |a Zingales, Nicolo 
740 0 |a vLex Libros (Servicio en ln̕ea) 
856 4 0 |u https://app.vlex.com/#/sources/36268  |z Acceso restringido 
942 |c BOOK 
999 0 |a Lawyers